000 00629cam a22002053a 4500
001 38660
003 PGUSA
005 20140828083843.0
008 120124s2012||||xxu|||||s|||||000 | eng d
040 _aPGUSA
_beng
042 _adc
100 1 _aDeplace, Guy-Marie
245 1 0 _aObservations grammaticales sur quelques articles du Dictionnaire du mauvais langage
_h[electronic resource] /
_cGuy-Marie Deplace
260 _bProject Gutenberg,
_c2012
506 _aPublic domain in the USA.
516 _aElectronic text
830 0 _aProject Gutenberg
_v38660
856 4 0 _uhttp://www.gutenberg.org/ebooks/38660
942 _cEB
999 _c267914
_d267914